Toutes les séries Marvel - Statistiques

Statistiques générales
  • Ce quiz a été pris 151 fois
    103 depuis la dernière actualisation
  • Le résultat moyen est 18 sur 98
Statistiques - réponses
Dates Films % Correct
2021 Loki
80%
2021 WandaVision
75%
2021 Hawkeye
71%
2022 Moon Knight
65%
2015 Daredevil
61%
1978 Spider-Man
60%
1981 Spider-Man
60%
2017 Spider-Man
60%
? She-Hulk
59%
1994 Iron Man
58%
2009 Iron Man
58%
2021 What If...?
55%
2021 Falcon et le soldat de l'hiver
53%
2015 Jessica Jones
52%
2017 Iron Fist
47%
2017 The punisher
47%
2016 Luke Cage
45%
2013 Les Agents du S.H.I.E.L.D.
42%
1992 X-Men
41%
? Secret Invasion
39%
2017 The Defenders
38%
2015 Agent Carter
35%
2022 Ms.Marvel
33%
? Ironheart
29%
? Echo
27%
2013 InHumans
26%
2017 Inhumans
26%
? I am Groot
24%
2013 Avengers Rassemblement
21%
2017 Runaways
21%
? Daredevil born again
20%
2012 Ultimate Spider-Man
20%
2018 Cloack & Dagger
19%
2015 Les Gardiens de la galaxie
19%
1977 L'Incroyable Hulk
16%
1996 L'Incroyable Hulk
16%
2008 Spectacular Spider-Man
16%
2017 Legion
15%
? Armor wars
14%
? X-Men '97
13%
? Agatha - Coven of Chaos
12%
2010 Black Panther
12%
? Marvel zombies
12%
2021 M.O.D.O.K.
12%
2017 The Gifted
12%
2017 Ant-Man
11%
2013 Hulk et les Agents du S.M.A.S.H.
11%
1994 Les Quatre Fantastique
11%
2000 X-Men: Évolution
9%
2020 Helstrom
8%
2021 Hit-Monkey
8%
2008 Wolverine et les X-Men
8%
1982 The Incredible Hulk
7%
1967 Les Quatre Fantastiques
6%
2006 Les Quatre Fantastiques
6%
1978 L'Homme-Araignée
6%
2010 Avengers: L'Équipe des Super-Héros
5%
1999 Les Nouvelles Aventures de Spider-Man
5%
1998 Le Surfeur d'Argent
5%
2003 Spider-Man: Les nouvelles Aventures
5%
1967 L'Araignée
4%
? Spider-Man freshman years
4%
1994 Spider-Man, l'Homme-Araignée
4%
2021 Spidey et ses Amis Extraordinaires
4%
1979 Fred and Barney Meet the Thing
2%
2018 Marvel Rising
2%
2001 Mutant X
2%
1979 Spider-Woman
2%
1974 Spidey Super Stories
2%
2009 Super Hero Squad
2%
1966 The Marvel Super Heroes
2%
1978 The New Fantastic Four
2%
2006 Blade - La Série
1%
2014 Eternals
1%
2020 LEGO Marvel Avengers: Climate Conundrum
1%
2014 Marvel Disk Wars: The Avengers
1%
2012 Marvel Mash-Up
1%
2017 Marvel Super Hero Adventures
1%
2017 Rocket & Groot
1%
1981 Spider-Man et ses amis exceptionnels
1%
1999 The Avengers: United They Stand
1%
2009 Astonishing X-Man: Gifted
0%
2012 Astonishing X-Men: Dangerous
0%
2012 Astonishing X-Men: Torn
0%
2012 Astonishing X-Men: Unstoppable
0%
2020 Battleworld: Mystery of the Thanostones
0%
2010 Iron Man: Extremis
0%
2010 Marvel Anime
0%
2017 Marvel Future Avengers
0%
2009 Spider-Woman: Agent of S.W.O.R.D.
0%
2012 The Fury Files
0%
2011 Thor and Loki: Blood Brothers
0%
2013 Ultimate Wolverine vs. Hulk
0%
2015 WHIH Nexsfront
0%
2013 Wolverine: Origin
0%
2014 Wolverine vs. Sabretooth
0%
2015 Wolverine vs. Sabretooth: Reborn
0%
2014 Wolverine Weapon X: Tomorrow Dies Today
0%
Aucun quiz correspondant
Distribution des résultats
% des personnes avec chaque résultat
Percentile par nombre de réponses
Votre historique - résultats
Vous n’avez pas pris ce quiz depuis la dernière actualisation